Skiny ze skrzynki operacji Broken Fang. - Statystyki

Ogólne statystyki
  • Ten quiz został rozwiązany 4 razy
  • Średni wynik to 6 z 17
Statystyki odpowiedzi
Jakość Broń Skin % Poprawnych
Czerwony Glock-18 Neo-Noir
75%
Czerwony M4A1-S Printstream
75%
Różowy M4A4 Cyber Security
50%
Fioletowy AWP Exoskeleton
50%
Różowy USP-S Monster Mashup
50%
Fioletowy SSG 08 Parallax
50%
Fioletowy Nova Clear Polymer
25%
Niebieski P90 Cocoa Rampage
25%
Niebieski MP5-SD Condition Zero
25%
Niebieski P250 Contaminant
25%
Niebieski M249 Deep Relief
25%
Fioletowy Dwie Beretty Dezastre
25%
Niebieski G3SG1 Digital Mesh
25%
Różowy Five-SeveN Fairy Tale
25%
Fioletowy UMP-45 Gold Bismuth
25%
Niebieski Galil AR Vandal
25%
Niebieski CZ75-Auto Vendetta
25%
Nie znaleziono quizów pasujących do podanych kryteriów
Rozkład punktacji
Procent ludzi z każdym wynikiem
Percentyl według liczby udzielonych odpowiedzi
Twoja historia wyników
Nie rozwiązałeś tego quizu